[Event "New Delhi Parsvnath op-B 17th"]
[Site "New Delhi"]
[Date "2019.01.10"]
[Round "6"]
[White "Singh, Heikrujam Jacky"]
[Black "Tajane, Ganesh"]
[Result "1-0"]
[WhiteElo "1870"]
[BlackElo "1743"]
[PlyCount "26"]
[EventDate "2019.01.09"]
[EventType "swiss"]
[EventRounds "10"]
[EventCountry "IND"]
[SourceTitle "CBM 189 Extra"]
[Source "ChessBase"]
[SourceDate "2019.06.03"]
[SourceVersion "1"]
[SourceVersionDate "2019.06.03"]
[SourceQuality "1"]

1. d4 Nf6 2. Nf3 c5 3. c3 cxd4 4. cxd4 g6 5. g3 Bg7 6. Bg2 0-0 7. 0-0 d5 8. Nc3 Nc6 9. a3 Be6 10. Re1 Rc8 11. Ne5 Nxe5 12. dxe5 Ng4 13. Nxd5 Nxe5 1-0

[Event "Maharashtra State-ch U25"]
[Site "Nasik"]
[Date "2018.08.11"]
[Round "6"]
[White "Kohad, Dipesh"]
[Black "Tajane, Ganesh"]
[Result "1/2-1/2"]
[WhiteElo "1576"]
[BlackElo "1722"]
[PlyCount "78"]
[EventDate "2018.08.09"]
[EventType "swiss"]
[EventRounds "9"]
[EventCountry "IND"]
[SourceTitle "CBM 186 Extra"]
[Source "ChessBase"]
[SourceDate "2018.08.24"]
[SourceVersion "1"]
[SourceVersionDate "2018.08.24"]
[SourceQuality "1"]

1. d4 Nf6 2. Nf3 g6 3. Bf4 Bg7 4. e3 c5 5. c3 cxd4 6. exd4 d6 7. Bd3 0-0 8. h3 Nc6 9. 0-0 Qb6 10. Qb3 Qc7 11. Bh2 e5 12. dxe5 dxe5 13. Bb5 Be6 14. Qc2 Nd7 15. Qe2 a6 16. Bc4 Nd4 17. cxd4 Bxc4 18. Qc2 Rac8 19. Rd1 Qb6 20. dxe5 Bxa2 21. Qd2 Bb3 22. Rc1 Rxc1+ 23. Qxc1 Bd5 24. Nbd2 Nc5 25. Qc3 Rd8 26. Re1 Bxf3 27. Nxf3 Rd3 28. Qc2 Rb3 29. Rb1 Qb4 30. Nd2 Rd3 31. Nc4 b5 32. Nd6 Qd4 33. b4 Bxe5 34. Bxe5 Qxe5 35. bxc5 Rc3 36. Qa2 Qf4 37. Qd5 Rc1+ 38. Rxc1 Qxc1+ 39. Kh2 Qf4+ 1/2-1/2

[Event "Panchavati op 2nd"]
[Site "Panchavati"]
[Date "2016.05.19"]
[Round "4"]
[White "Matta, Vinay Kumar"]
[Black "Tajane, Ganesh"]
[Result "1-0"]
[WhiteElo "2169"]
[BlackElo "1747"]
[PlyCount "52"]
[EventDate "2016.05.17"]
[EventType "swiss"]
[EventRounds "10"]
[EventCountry "IND"]
[SourceTitle "CBM 172 Extra"]
[Source "ChessBase"]
[SourceDate "2016.06.21"]
[SourceVersion "1"]
[SourceVersionDate "2016.06.21"]
[SourceQuality "1"]

1. e4 d5 2. exd5 Nf6 3. d4 Bg4 4. f3 Bf5 5. c4 e6 6. dxe6 Nc6 7. Be3 Qe7 8. Kf2 0-0-0 9. Nc3 Qb4 10. Nge2 Qxb2 11. exf7 Nb4 12. Na4 Qa3 13. Nec3 Nc2 14. Bd3 Bxd3 15. Qxd3 Nxa1 16. Rxa1 Qe7 17. Qf5+ Qd7 18. Qa5 Qxf7 19. Qxa7 Ng4+ 20. Kg1 Nxe3 21. Re1 Qf4 22. Ne4 Bd6 23. Nxd6+ Rxd6 24. Nc5 Kd8 25. Qb8+ Ke7 26. Qxc7+ Kf8 1-0